000
00290nam a22001217a 4500
008
170406b xxu||||| |||| 00| 0 eng d
041
_a
eng
080
_a
575
100
_a
9
101
_a
SHM
245
_a
CURRENT TOPICS IN IMMUNOHEMATOLOGY AND IMMUNOGENESIS
_c
WIENER, A.S
942
_2
udc
_c
BK
999
_c
9962
_d
9962